عرض عادي
عرض مارك
- Burleson, Donald K.
مدخل إسم شخص
001 - رقم الضبط
- حقل الضبط: 4824
003 - معرف رقم الضبط
- حقل الضبط: OSt
005 - تاريخ ووقت أخر عملية
- حقل الضبط: 20110922064535.0
008 - عناصر بيانات ثابتة الطول
- حقل تحكم ثابت الطول: 110922|||a|||||| | ||| d
040 ## - مصدر الفهرسة
- هيئة الفهرسة الأصلية: OSt
- وكالة الكتابة: OSt
100 ## - مدخل -- أسم شخص
- إسم شخص: Burleson, Donald K.
670 ## - بيانات المصدر موجوده
- الاستشهاد بالمصدر: Work cat.: (OSt)0: Garmany, John 4821, Oracle Application Server 10g administration handbook /, c2004.
